Rut (Record no. 33763)

MARC details
000 -LEADER
campo de control de longitud fija 00953nam a2200265 i 4500
001 - NÚMERO DE CONTROL
campo de control 33763
003 - IDENTIFICADOR DE NÚMERO DE CONTROL
campo de control ES-MaACL
005 - FECHA Y HORA DE LA ÚLTIMA TRANSACCIÓN
campo de control 20250824230040.0
007 - CAMPO FIJO DE DESCRIPCIÓN FÍSICA--INFORMACIÓN GENERAL
campo de control de longitud fija t|
008 - DATOS DE LONGITUD FIJA--INFORMACIÓN GENERAL
campo de control de longitud fija 030203s1973 sp ||||1| spa d
130 00 - ENTRADA PRINCIPAL--TÍTULO UNIFORME
Título uniforme Biblia.
Nombre de parte o sección de la obra A. T.
-- Libros históricos.
Lenguaje de la obra Español
9 (RLIN) 119268
245 10 - MENCIÓN DEL TÍTULO
Título Rut
Resto del título : ; Tobías ; Judit ; Ester /
Mención de responsabilidad, etc. traducción de Manuel Iglesias González y Luis Alonso Schökel ; revisión de José María Valverde ; introducciones y comentario de Luis Alonso Schökel.
260 ## - PUBLICACIÓN, DISTRIBUCIÓN, ETC.
Lugar de publicación, distribución, etc. Madrid :
Nombre del editor, distribuidor, etc. Cristiandad,
Fecha de publicación, distribución, etc. [1973]
300 ## - DESCRIPCIÓN FÍSICA
Extensión 219 p. ;
Dimensiones 19 cm.
490 1# - MENCIÓN DE SERIE
Mención de serie Los libros sagrados
700 1# - ENTRADA AGREGADA--NOMBRE PERSONAL
Nombre de persona Iglesias González, Manuel.
9 (RLIN) 65119
700 1# - ENTRADA AGREGADA--NOMBRE PERSONAL
Nombre de persona Alonso Schökel, Luis.
9 (RLIN) 181472
700 1# - ENTRADA AGREGADA--NOMBRE PERSONAL
Nombre de persona Valverde, José María,
Fechas asociadas al nombre 1926-1996
9 (RLIN) 113013
740 0# - ENTRADA AGREGADA--TÍTULO RELACIONADO/ANALÍTICO NO CONTROLADO
Título relacionado o analítico no controlado Tobías.
740 0# - ENTRADA AGREGADA--TÍTULO RELACIONADO/ANALÍTICO NO CONTROLADO
Título relacionado o analítico no controlado Judit.
740 0# - ENTRADA AGREGADA--TÍTULO RELACIONADO/ANALÍTICO NO CONTROLADO
Título relacionado o analítico no controlado Ester.
830 04 - PUNTO DE ACCESO ADICIONAL DE SERIE-TÍTULO UNIFORME
Título uniforme Los libros sagrados
9 (RLIN) 181473
852 ## - LOCALIZACIÓN
Ubicación ES-MaACL
Número de control de estantería C-56074
Sublocalización o colección R.88896
Holdings
Estatus retirado Estado de pérdida Estado de daño No para préstamo Biblioteca de origen Biblioteca actual Ubicación en estantería Fecha de adquisición Fuente de adquisición Total de préstamos Signatura topográfica completa Código de barras Visto por última vez Precio de reemplazo Tipo de ítem Koha
        Biblioteca del Ateneo de Madrid Biblioteca del Ateneo de Madrid Depósito 2 17/01/2008     C-56074 1035144 23/02/2023 23/02/2023 Libro impreso